Introducción a la investigación de operaciones./ (Registro nro. 9050)
[ vista simple ]
| 000 -LEADER | |
|---|---|
| fixed length control field | 01538nam a2200217Ia 4500 |
| 005 - FECHA Y HORA DE LA ÚLTIMA TRANSACCIÓN | |
| control field | 20250608110312.0 |
| 008 - FIXED-LENGTH DATA ELEMENTS--GENERAL INFORMATION | |
| fixed length control field | 230823s9999 xx 000 0 und d |
| 020 ## - INTERNATIONAL STANDARD BOOK NUMBER | |
| International Standard Book Number | 9701056213 |
| 040 ## - CATALOGING SOURCE | |
| Original cataloging agency | UPAN |
| Transcribing agency | Biblioteca San Vicente |
| Description conventions | RCAA2 |
| 041 ## - LANGUAGE CODE | |
| Language code of text/sound track or separate title | spa |
| 082 ## - DEWEY DECIMAL CLASSIFICATION NUMBER | |
| Classification number | 658.403 4 |
| Item number | H555i |
| año de publicación | 2006 |
| 100 ## - MAIN ENTRY--PERSONAL NAME | |
| Personal name | Hillier, Frederick |
| Relator code | aut. |
| 245 #0 - TITLE STATEMENT | |
| Title | Introducción a la investigación de operaciones./ |
| Remainder of title | Frederick S. Hillier |
| 250 ## - EDITION STATEMENT | |
| Edition statement | 8ª ed. |
| 260 ## - PUBLICATION, DISTRIBUTION, ETC. (IMPRINT) | |
| Place of publication, distribution, etc | Mexico: |
| Name of publisher, distributor, etc | McGraw Hill, |
| Date of publication, distribution, etc | 2006 |
| 300 ## - PHYSICAL DESCRIPTION | |
| Extent | 1061 p.; |
| Dimensions | 27 cm. |
| 505 ## - FORMATTED CONTENTS NOTE | |
| Formatted contents note | Capitulo 1. Introducción <br/>Capitulo 2. Panorama del enfoque de modelado en investigación de operaciones <br/>Capitulo 3. Introducción a la programación lineal <br/>Capitulo 4. Solución de problemas de programación lineal: método simplex <br/>Capitulo 5. Teoría del método simplex <br/>Capitulo 6. Teoría de la dualidad y análisis de sensibilidad <br/>Capitulo 7. Otros algoritmos para programación lineal <br/>Capitulo 8. Problemas de transporte y asignación <br/>Capitulo 9. Modelos de optimización de redes <br/>Capitulo 10. Programación dinámica <br/>Capitulo 11. Programación entera <br/>Capitulo 12. Programación no lineal <br/>Capitulo 13. Metaheurística <br/>Capitulo 14. Teoría de juegos <br/>Capitulo 15. Análisis de decisiones <br/>Capitulo 16. Cadenas de Márkov <br/>Capitulo 17. Teoría de colas <br/>Capitulo 18. Teoría de inventarios <br/>Capitulo 19. Procesos de decisión markovianos <br/>Capitulo 20. Simulación |
| 650 ## - SUBJECT ADDED ENTRY--TOPICAL TERM | |
| Source of heading or term | LEMB |
| Topical term or geographic name as entry element | Operaciones |
| General subdivision | Investigación |
| 700 ## - ADDED ENTRY--PERSONAL NAME | |
| Personal name | Gerald J. Lieberman |
| Relator code | col. |
| 942 ## - ADDED ENTRY ELEMENTS (KOHA) | |
| Koha item type | Libros |
| Source of classification or shelving scheme | Dewey Decimal Classification |
| Withdrawn status | Lost status | Source of classification or shelving scheme | Damaged status | Not for loan | Collection code | Home library | Current library | Date acquired | Total Checkouts | Full call number | Barcode | Date last seen | Copy number | Price effective from | Koha item type |
|---|---|---|---|---|---|---|---|---|---|---|---|---|---|---|---|
| Dewey Decimal Classification | Colección General | Biblioteca UPAN San Vicente | Biblioteca UPAN San Vicente | 23/08/2023 | 658.403 4 H555i | 12001743 | 23/08/2023 | 01 | 23/08/2023 | Libros |